Looking good dead / (Record no. 2362)

MARC details
000 -LEADER
fixed length control field 00600nam a22002177a 4500
005 - DATE AND TIME OF LATEST TRANSACTION
control field 20250117065814.0
008 - FIXED-LENGTH DATA ELEMENTS--GENERAL INFORMATION
fixed length control field 250117b |||||||| |||| 00| 0 eng d
020 ## - INTERNATIONAL STANDARD BOOK NUMBER
International Standard Book Number 978-1-4050-4842-2
082 ## - DEWEY DECIMAL CLASSIFICATION NUMBER
Classification number Fic. J28 2006
100 ## - MAIN ENTRY--PERSONAL NAME
Personal name James, Peter
245 ## - TITLE STATEMENT
Title Looking good dead /
Statement of responsibility, etc. Peter James
260 ## - PUBLICATION, DISTRIBUTION, ETC.
Place of publication, distribution, etc. London:
Name of publisher, distributor, etc. Macmillan,
Date of publication, distribution, etc. c2006
300 ## - PHYSICAL DESCRIPTION
Extent 406p.
490 ## - SERIES STATEMENT
Series statement Roy Grace series;
Volume/sequential designation no. 2
541 ## - IMMEDIATE SOURCE OF ACQUISITION NOTE
Accession number 7713
650 ## - SUBJECT ADDED ENTRY--TOPICAL TERM
Topical term or geographic name entry element Adultery - Fiction
650 ## - SUBJECT ADDED ENTRY--TOPICAL TERM
Topical term or geographic name entry element Mystery fiction
650 ## - SUBJECT ADDED ENTRY--TOPICAL TERM
Topical term or geographic name entry element Grace, Roy (Fictitious character) - Fiction
650 ## - SUBJECT ADDED ENTRY--TOPICAL TERM
Topical term or geographic name entry element Husbands - Fiction
650 ## - SUBJECT ADDED ENTRY--TOPICAL TERM
Topical term or geographic name entry element Wives - Fiction
Holdings
Withdrawn status Lost status Source of classification or shelving scheme Damaged status Not for loan Home library Current library Date acquired Total Checkouts Full call number Barcode Date last seen Copy number Price effective from Koha item type
    Dewey Decimal Classification     ctu-moalboal ctu-moalboal 02/02/2024   Fic. J28 2006 7713 01/17/2025 1 01/17/2025 Books-Fiction